| 000 | 02214nam a2200313Ia 4500 | ||
|---|---|---|---|
| 999 |
_c39997 _d39997 |
||
| 001 | 6603 | ||
| 003 | GE_BSU | ||
| 005 | 20191217145833.0 | ||
| 008 | 181216s2009||||ge |||||||||||||| ||geo|| | ||
| 020 | _a9789941412196 | ||
| 040 | _cGE_BSU | ||
| 080 | _a94(479.223) ს-24 | ||
| 245 |
_aსამხრეთ-დასავლეთ საქართველოს ისტორიის ნარკვევები : აჭარა = Очерки истории Юго-Западной Грузии : Аджария : _b4 ტომად. ტ. 2 : V საუკუნე-1877 წელი / _cსარედ. კოლ: დავით ხახუტაიშვილი (მთ. რედ.), ამირან კახიძე, ნოდარ კახიძე და სხვ. ავტ.: დავით ხახუტაიშვილი, მარიამ ლორთქიფანიძე, ნოდარ შენგელია და სხვ. |
||
| 264 |
_aბათუმი : _bშოთა რუსთაველის სახ.უნ-ტი, _c2009. |
||
| 300 |
_a606 გვ.; _bილ.; _c30 სმ. |
||
| 501 | _aშემოკლებანი: გვ. 607. | ||
| 504 | _aბიბლიოგრ. ტექსტის შენიშვნ. | ||
| 653 | _aაჭარის ისტორია | ||
| 653 | _aსამხრეთ-დასავლეთ საქართველოს ისტორია | ||
| 700 |
_aხახუტაიშვილი, დავით _eავტორი _91441 |
||
| 700 |
_aლორთქიფანიძე, მარიამ _eავტორი _95827 |
||
| 700 |
_aშენგელია, ნოდარ _eავტორი _95828 |
||
| 700 |
_aსვანიძე, მიხეილ _eავტორი _95829 |
||
| 700 |
_aლომოური, ნოდარ _eავტორი _95830 |
||
| 700 |
_aდიასამიძე, ბიჭიკო და სხვ. _eავტორი _95831 |
||
| 700 |
_aკახიძე, ნოდარ _eრედაქტორი _95832 |
||
| 710 |
_a ნიკო ბერძენიშვილის ინ-ტი _95833 |
||
| 942 |
_cBK _2udc |
||